| 000 | 00377nam a2200145Ia 4500 | ||
|---|---|---|---|
| 008 | 240624s9999 xx 000 0 und d | ||
| 041 | _aeng | ||
| 082 | _a658.3124 LYN | ||
| 100 | _aLYNTON ROLF P | ||
| 245 | _aTRAINING FOR DEVELOPMENT | ||
| 250 | _a(3rd Revised) | ||
| 260 |
_c2011 _aNew Delhi _bSage Publications |
||
| 300 | _axxxiv, : 345 : p. : cm. ; 24 | ||
| 365 |
_cRS _b30 |
||
| 999 |
_c19808 _d19808 |
||